000 00648nam a2200205 a 4500
001 BRCA_3910
005 20190320204454.0
008 120110s1943----mx-a######---#000-0#spa-#
041 _aspa
044 _amx
050 4 _aZ211.M6
_b.F47 1943
100 1 _aFernández de Córdoba, Joaquín.
_910164
245 1 0 _aNuevos documentos para la historia de la imprenta en Morelia
_bimpresores e impresos morelianos del siglo XIX
_cJoaquín Fernández de Córdoba.
260 _aMéxico
_bBiblioteca Benjamín Franklin
_c1943
300 _a62 p.
_bil.
_c23 cm.
500 _aC57
650 1 4 _aImprenta
_eHistoria
_910165
902 _aGFM
942 _2lcc
_cB
999 _c3637
_d3637